000 00553nam a22001577a 4500
003 UA-OsUOA
001 10596
007 ta
008 20050201b un ||||| |||| 00| 0 ukr d
942 _cSA
040 _aUA-OsUOA
_cUA-OsUOA
_dUA-OsUOA
245 _aПитання державної служби та служби в органах місцевого самоврядування: Відповіді на запитання
955 _a0
773 0 _w0
_tПраця і зарплата
_dКиїв
_d2005
_g№4
650 7 _aТрудове право
_2UDC
999 _c296757
_d296757